[Event "Goldener Springer"]
[Site "FrankfurtIMain"]
[Date "2018.??.??"]
[Round "3.12"]
[White "Cherny, Andrey"]
[Black "Blaschke, Henri Johannes"]
[Result "1-0"]
[WhiteElo "2162"]
[BlackElo "1798"]
[PlyCount "79"]
[EventDate "2018.??.??"]
[WhiteTeam "Kasseler SK"]
[BlackTeam "SK Vellmar"]

1. b3 d5 2. Bb2 Bg4 3. Nf3 e6 4. Ne5 Bf5 5. d3 Nf6 6. e4 dxe4 7. g4 Bg6 8. g5
Nh5 9. Qg4 Be7 10. h4 exd3 11. Bxd3 O-O 12. Nxg6 hxg6 13. Nc3 c6 14. O-O-O Qc7
15. Ne2 Nd7 16. Be4 Nc5 17. Bf3 Rad8 18. Rdg1 b5 19. Kb1 e5 20. Ng3 Nxg3 21.
Qxg3 Bd6 22. Qh3 Ne6 23. h5 Nf4 24. Qh4 Rfe8 25. Rd1 Bf8 26. Rde1 e4 27. hxg6
fxg6 28. Qh8+ Kf7 29. Rh7 Re7 30. Rxg7+ Bxg7 31. Qxg7+ Ke8 32. Qg8+ Kd7 33.
Rd1+ Kc8 34. Bg4+ Kb7 35. Rxd8 Nd5 36. Bc8+ Kb6 37. Bd4+ Ka5 38. Bc5 Qe5 39.
Rxd5 Re8 40. Qf7 1-0

[Event "Goldener Springer"]
[Site "FrankfurtIMain"]
[Date "2018.??.??"]
[Round "3.13"]
[White "Varma, Christopher"]
[Black "Gutacker, Stephan"]
[Result "1/2-1/2"]
[WhiteElo "1809"]
[BlackElo "1916"]
[PlyCount "68"]
[EventDate "2018.??.??"]
[WhiteTeam "SC Bad Nauheim"]
[BlackTeam "Sfr. Kelkheim"]

1. e4 e5 2. Nf3 Nc6 3. Bb5 Bc5 4. c3 Nge7 5. d4 exd4 6. cxd4 Bb4+ 7. Nc3 a6 8.
Ba4 b5 9. Bb3 O-O 10. O-O d6 11. h3 Bxc3 12. bxc3 d5 13. e5 Na5 14. Ba3 Nxb3
15. Qxb3 c6 16. Bc5 Re8 17. Bxe7 Qxe7 18. Qb4 Bf5 19. Rfd1 Qd7 20. Ne1 Re6 21.
a4 Rae8 22. Nd3 Qd8 23. axb5 axb5 24. Nf4 Rh6 25. Ne2 g5 26. Ng3 Bd7 27. f3 Qc8
28. Kf2 f5 29. exf6 Rxf6 30. Re1 Ref8 31. Re3 g4 32. hxg4 Bxg4 33. Rh1 R8f7 34.
Rhe1 Kg7 1/2-1/2

[Event "Goldener Springer"]
[Site "FrankfurtIMain"]
[Date "2018.??.??"]
[Round "3.14"]
[White "Hebauf, Markus"]
[Black "Schupp, Tobias"]
[Result "1/2-1/2"]
[WhiteElo "1329"]
[BlackElo "2157"]
[PlyCount "121"]
[EventDate "2018.??.??"]
[BlackTeam "SK Niederbrechen"]

1. d4 d6 2. c4 e5 3. dxe5 dxe5 4. Qxd8+ Kxd8 5. e4 Nf6 6. Bg5 Bb4+ 7. Nd2 Nc6
8. Ngf3 Ke7 9. Nxe5 Nxe5 10. f4 Ng6 11. e5 h6 12. exf6+ gxf6 13. f5 Bxf5 14.
Be3 Rhe8 15. a3 Bxd2+ 16. Kxd2 Rad8+ 17. Kc3 h5 18. Re1 Kd7 19. Rd1+ Kc8 20.
Rxd8+ Rxd8 21. Be2 h4 22. Rf1 Re8 23. Kd2 Re5 24. Rxf5 Rxf5 25. Bg4 Ne7 26. Bc5
Kb8 27. Bxf5 Nxf5 28. Kd3 Ng7 29. Ke4 f5+ 30. Ke5 f4 31. Be7 h3 32. gxh3 Nh5
33. Ke4 Kc8 34. Bg5 Kd7 35. Bxf4 Ke6 36. h4 c6 37. h3 Nf6+ 38. Kd4 Kf5 39. Bb8
a6 40. b4 Nd7 41. Bd6 Kg6 42. a4 Kh5 43. Bg3 b6 44. a5 bxa5 45. bxa5 Kg6 46.
Ke4 Nc5+ 47. Ke5 f6+ 48. Kd4 Nb3+ 49. Kc3 Nxa5 50. Kb4 Nb7 51. Bc7 Kh5 52. Bg3
f5 53. c5 a5+ 54. Kc4 a4 55. Kb4 Nxc5 56. Kxc5 a3 57. Be5 a2 58. Kc4 f4 59. Kd3
Kxh4 60. Ke4 Kxh3 61. Kxf4 1/2-1/2

[Event "Goldener Springer"]
[Site "FrankfurtIMain"]
[Date "2018.??.??"]
[Round "3.16"]
[White "Lange, Lars"]
[Black "Ostermeier, Thorsten"]
[Result "1/2-1/2"]
[WhiteElo "1835"]
[BlackElo "1964"]
[PlyCount "75"]
[EventDate "2018.??.??"]
[WhiteTeam "Sfr. Kelkheim"]
[BlackTeam "SF Frankfurt"]

1. d4 Nf6 2. c4 g6 3. Nc3 Bg7 4. e4 d6 5. Be2 O-O 6. Be3 e5 7. d5 a5 8. h4 h5
9. f3 Nh7 10. g4 f5 11. gxh5 gxh5 12. Qc2 Qf6 13. O-O-O Bh6 14. Bxh6 Qxh6+ 15.
Kb1 Na6 16. Nh3 fxe4 17. fxe4 Bxh3 18. Rxh3 Rf2 19. Qd3 Raf8 20. Rg1+ Kh8 21.
Qg3 Nc5 22. Rh2 Rxh2 23. Qxh2 Nf6 24. Rg5 Qh7 25. Rf5 Rf7 26. Ka1 Ncxe4 27. Qh3
Nxc3 28. bxc3 Qh6 29. Qf1 Rf8 30. Bxh5 Qg7 31. Be2 e4 32. Kb2 Nh7 33. Rxf8+
Nxf8 34. Qf5 Qe7 35. h5 Kg7 36. Qg4+ Kh6 37. Qf4+ Kh7 38. Qf5+ 1/2-1/2

[Event "Goldener Springer"]
[Site "FrankfurtIMain"]
[Date "2018.??.??"]
[Round "3.17"]
[White "Voellinger, Florian"]
[Black "Baschin, Wolf Hajo"]
[Result "1-0"]
[WhiteElo "1861"]
[BlackElo "1743"]
[PlyCount "47"]
[EventDate "2018.??.??"]
[WhiteTeam "SF Dettingen"]
[BlackTeam "SVG Caissa Kassel"]

1. d4 d5 2. c4 e6 3. Nc3 Nf6 4. Bg5 Be7 5. e3 O-O 6. cxd5 Nxd5 7. Bxe7 Qxe7 8.
Nf3 b6 9. Bd3 Bb7 10. O-O Nd7 11. Rc1 c5 12. Nxd5 Bxd5 13. a3 Rac8 14. Be2 Rfd8
15. Qa4 Qd6 16. Rfd1 Qb8 17. dxc5 Nxc5 18. Qh4 h6 19. Nd4 f6 20. Qg4 Nb3 21.
Nxe6 Kf7 22. Rxc8 Qxc8 23. Nxd8+ Qxd8 24. Bc4 1-0

[Event "Goldener Springer"]
[Site "FrankfurtIMain"]
[Date "2018.??.??"]
[Round "3.18"]
[White "Dyga, Ryszard"]
[Black "Heun, Andreas"]
[Result "0-1"]
[WhiteElo "1542"]
[BlackElo "1707"]
[PlyCount "158"]
[EventDate "2018.??.??"]
[WhiteTeam "SV Hofheim"]
[BlackTeam "SC Ladja Roßdorf"]

1. e4 d5 2. exd5 Nf6 3. g3 Qxd5 4. Qf3 Qe5+ 5. Qe3 Qxe3+ 6. dxe3 Bf5 7. Bg2 c6
8. c3 Nbd7 9. Nf3 Bd3 10. Nbd2 e6 11. Nb3 a5 12. Bf1 Be4 13. Bg2 Bd3 14. Bf1
Bxf1 15. Rxf1 Be7 16. Bd2 O-O 17. Rd1 c5 18. Bc1 a4 19. Nbd2 b5 20. e4 Ng4 21.
h3 Nge5 22. Ke2 Rfd8 23. Nxe5 Nxe5 24. Nf3 Nc4 25. Rxd8+ Rxd8 26. Rd1 Rxd1 27.
Kxd1 b4 28. cxb4 cxb4 29. b3 axb3 30. axb3 Na3 31. Nd4 Nb1 32. Ne2 Kf8 33. Kc2
Na3+ 34. Kd3 Ke8 35. Bb2 g6 36. e5 h5 37. h4 Kd7 38. Ke4 Nb1 39. Bc1 Bc5 40. f3
Bf2 41. Be3 Be1 42. Bf4 Bd2 43. Kd3 Be1 44. Kc2 Na3+ 45. Kd1 Bf2 46. Nc1 Bc5
47. Nd3 Be7 48. Bd2 Nb5 49. Be3 Nc3+ 50. Kc2 Nd5 51. Bd4 Kc6 52. f4 Kb5 53. Bf2
Nc3 54. Be1 Nd5 55. Bd2 Bd8 56. Nb2 Bb6 57. Be1 Ne3+ 58. Kd3 Ng2 59. Ke2 Nxe1
60. Kxe1 Bd4 61. Nc4 Bc5 62. Ke2 Kc6 63. Kf3 Kd5 64. g4 Kd4 65. Nd6 Kc3 66.
Nxf7 Kxb3 67. Nd6 Kc2 68. gxh5 gxh5 69. Ne4 Be7 70. Nd6 b3 71. Nc4 Bxh4 72.
Na3+ Kc1 73. Nc4 Be7 74. f5 exf5 75. Kf4 h4 76. Ke3 b2 77. Nxb2 Kxb2 78. Kf4
Kc3 79. Kxf5 h3 0-1

[Event "Goldener Springer"]
[Site "FrankfurtIMain"]
[Date "2018.??.??"]
[Round "3.19"]
[White "Reichelt, Florian"]
[Black "Feicht, Arno"]
[Result "0-1"]
[WhiteElo "1865"]
[BlackElo "1943"]
[PlyCount "140"]
[EventDate "2018.??.??"]
[WhiteTeam "SC Butzbach"]
[BlackTeam "SV Alsfeld"]

1. e4 c5 2. Nf3 Nc6 3. d4 cxd4 4. Nxd4 e5 5. Nb5 d6 6. N1c3 a6 7. Na3 Be7 8.
Bc4 Nf6 9. Bb3 O-O 10. O-O Nd4 11. Be3 Nxb3 12. axb3 Be6 13. Nc4 b5 14. Nb6 Rb8
15. Nbd5 Bxd5 16. Nxd5 Nxe4 17. Rxa6 Bg5 18. f3 Bxe3+ 19. Nxe3 Rb6 20. Ra7 Nf6
21. Nd5 Nxd5 22. Qxd5 Qf6 23. Rfa1 g6 24. Ra8 Rxa8 25. Rxa8+ Kg7 26. Ra7 Qf4
27. Kf2 h5 28. g3 Qf5 29. Qe4 Qxe4 30. fxe4 b4 31. Ke3 Kf6 32. Kd3 Ke6 33. Kc4
Rc6+ 34. Kd3 f5 35. exf5+ Kxf5 36. c4 Rb6 37. Ra5 Rb8 38. Rd5 Ra8 39. Rxd6 Ra1
40. c5 Rc1 41. Rc6 g5 42. Kd2 Rh1 43. Rb6 Rxh2+ 44. Kd3 e4+ 45. Ke3 Rg2 46. c6
Rxg3+ 47. Kf2 Rxb3 48. Rb5+ Kf4 49. Rc5 Rxb2+ 50. Ke1 Ke3 51. Kd1 Rd2+ 52. Kc1
Rd8 53. Rxg5 Rc8 54. Rg6 Kd3 55. Kb2 e3 56. Kb3 e2 57. Rd6+ Ke3 58. Re6+ Kf3
59. Rf6+ Kg4 60. Re6 Rxc6 61. Rxe2 Rb6 62. Rd2 h4 63. Rd4+ Kg3 64. Rd3+ Kf2 65.
Rd2+ Ke3 66. Rh2 Rh6 67. Kxb4 Kf4 68. Kc3 Kg3 69. Rh1 h3 70. Kd3 Kg2 0-1

[Event "Goldener Springer"]
[Site "FrankfurtIMain"]
[Date "2018.??.??"]
[Round "3.20"]
[White "Reitz, Gerhard"]
[Black "Pessotschinski, Eduard"]
[Result "1-0"]
[WhiteElo "1998"]
[BlackElo "1367"]
[PlyCount "55"]
[EventDate "2018.??.??"]
[WhiteTeam "SC Obertshausen"]
[BlackTeam "TuS Makkabi"]

1. e4 c5 2. Nf3 d6 3. d4 cxd4 4. Nxd4 Nf6 5. Nc3 g6 6. Be2 Bg7 7. O-O O-O 8.
Bg5 Nc6 9. Nb3 a6 10. a4 Be6 11. Kh1 Qb6 12. Be3 Qc7 13. f4 Rfd8 14. a5 Nd7 15.
Nd5 Bxd5 16. exd5 Na7 17. c3 Re8 18. Nd4 Nc5 19. f5 Qd7 20. Bg4 Qd8 21. Qf3 Rf8
22. Qh3 Ne4 23. fxg6 fxg6 24. Ne6 Rxf1+ 25. Rxf1 Qxa5 26. Nxg7 Kxg7 27. Qh6+
Kg8 28. Be6+ 1-0

[Event "Goldener Springer"]
[Site "FrankfurtIMain"]
[Date "2018.??.??"]
[Round "3.21"]
[White "Pessotschinski, Lars"]
[Black "Lange, Martin"]
[Result "0-1"]
[WhiteElo "1024"]
[BlackElo "1826"]
[PlyCount "75"]
[EventDate "2018.??.??"]
[WhiteTeam "TuS Makkabi"]
[BlackTeam "Sfr. Kelkheim"]

1. e4 e6 2. d4 d5 3. Nc3 Nf6 4. e5 Nfd7 5. Bd3 c5 6. Nf3 Nc6 7. Nb5 a6 8. Nc3
cxd4 9. Ne2 Ndxe5 10. Nxe5 Nxe5 11. Nxd4 Nxd3+ 12. Qxd3 Bd7 13. O-O Bd6 14. Re1
O-O 15. Nf3 Bb5 16. Qd4 Rc8 17. c3 Bc5 18. Qg4 Bd7 19. Bh6 Qf6 20. Bg5 Qf5 21.
Qg3 f6 22. Bd2 e5 23. h3 Qg6 24. Qh2 Rfe8 25. Nh4 Qh5 26. Nf3 Bc6 27. g4 Qf7
28. Nh4 g6 29. g5 Re6 30. Nf3 Bd6 31. Qg2 f5 32. Re2 Rce8 33. a4 d4 34. cxd4
exd4 35. Rxe6 Rxe6 36. h4 Re2 37. Bc1 Qd5 38. Ra2 0-1

[Event "Goldener Springer"]
[Site "Frankfurt/Main"]
[Date "2018.??.??"]
[Round "4.1"]
[White "Adamczyk, Matthias"]
[Black "Calvi, Stefan"]
[Result "0-1"]
[WhiteElo "1817"]
[BlackElo "2081"]
[PlyCount "54"]
[EventDate "2018.??.??"]
[WhiteTeam "SC Weiterstadt"]
[BlackTeam "SF Frankfurt"]

1. d4 Nf6 2. c4 c5 3. d5 b5 4. e3 bxc4 5. Bxc4 e6 6. Nc3 exd5 7. Nxd5 Nc6 8.
Qd3 Be7 9. Nf3 Nxd5 10. Bxd5 Nb4 11. Qb3 Nxd5 12. Qxd5 Rb8 13. Qe5 Ba6 14. Qxg7
Bf6 15. Qg3 Qa5+ 16. Nd2 Ke7 17. Qf3 Bxb2 18. Qe4+ Kf8 19. Rb1 Rb4 20. Qd5 Qb5
21. Kd1 Bc3 22. Rxb4 cxb4 23. Qxb5 Bxb5 24. Ne4 Bd3 25. Nxc3 bxc3 26. Ba3+ Kg7
27. Bc5 Rb8 0-1

[Event "Goldener Springer"]
[Site "Frankfurt/Main"]
[Date "2018.??.??"]
[Round "4.2"]
[White "Geske, Julian"]
[Black "Dolzhykova, Kateryna"]
[Result "1/2-1/2"]
[WhiteElo "2401"]
[BlackElo "2270"]
[PlyCount "31"]
[EventDate "2018.??.??"]
[WhiteTeam "Wiesbadener SV"]

1. e4 c5 2. Nf3 Nc6 3. d4 cxd4 4. Nxd4 Nf6 5. Nc3 g6 6. Bc4 Bg7 7. O-O O-O 8.
Re1 Nxd4 9. Qxd4 Ng4 10. Qd1 Qc7 11. Qxg4 Qxc4 12. Nd5 e6 13. Ne7+ Kh8 14. c3
d5 15. Nxc8 Raxc8 16. Qe2 1/2-1/2

[Event "Goldener Springer"]
[Site "Frankfurt/Main"]
[Date "2018.??.??"]
[Round "4.3"]
[White "Drill, Frank"]
[Black "Meyner, Hannes"]
[Result "1/2-1/2"]
[WhiteElo "2014"]
[BlackElo "2178"]
[PlyCount "95"]
[EventDate "2018.??.??"]
[WhiteTeam "SF Neuberg"]
[BlackTeam "TG Wehlheiden"]

1. b3 d5 2. e3 Nf6 3. Bb2 g6 4. f4 Bg7 5. Be2 O-O 6. Nf3 c5 7. a4 Nc6 8. Ne5
Bd7 9. Bf3 Rc8 10. Na3 a6 11. O-O Qc7 12. Qe1 Rfd8 13. Qh4 d4 14. Nac4 b5 15.
Nxc6 Bxc6 16. Ne5 Bd5 17. axb5 axb5 18. Rae1 Ra8 19. e4 Be6 20. Ra1 Rxa1 21.
Rxa1 c4 22. bxc4 bxc4 23. Qf2 Qb6 24. Bc3 Rd6 25. Ba5 Qb2 26. Qe1 Qxc2 27. Bc7
c3 28. dxc3 dxc3 29. Bxd6 exd6 30. Nc6 Nh5 31. Bxh5 Bh6 32. Qd1 Qxe4 33. Bf3
Qe3+ 34. Kh1 Bxf4 35. Ra8+ Kg7 36. Qd4+ Qxd4 37. Nxd4 Bc4 38. Bd1 Be3 39. Nc2
Bc5 40. h3 Kf6 41. Kh2 Ke7 42. Na3 Bd5 43. Ra5 Be4 44. Bc2 f5 45. Kg3 g5 46.
Bxe4 fxe4 47. Kg4 Kf6 48. Nc2 1/2-1/2

[Event "Goldener Springer"]
[Site "Frankfurt/Main"]
[Date "2018.??.??"]
[Round "4.4"]
[White "Rudolph, Peter"]
[Black "Chandler, Patrick"]
[Result "1-0"]
[WhiteElo "2095"]
[BlackElo "2170"]
[PlyCount "120"]
[EventDate "2018.??.??"]
[WhiteTeam "SK Gießen"]
[BlackTeam "SC Nied"]

1. d4 Nf6 2. Nf3 d6 3. e3 Bg4 4. Be2 Nbd7 5. b3 e6 6. Bb2 Be7 7. Nbd2 h6 8. h3
Bf5 9. Nc4 c6 10. a4 Qc7 11. Bd3 Ne4 12. Bxe4 Bxe4 13. Ncd2 Bh7 14. c4 Bf6 15.
b4 a5 16. Qb3 axb4 17. O-O c5 18. e4 e5 19. dxe5 dxe5 20. Qc2 Nf8 21. a5 Nd7
22. Rfd1 O-O 23. Nf1 Qc6 24. Rd5 Rfe8 25. Rad1 Nf8 26. Ne3 Ne6 27. Bxe5 Nd4 28.
Bxd4 Bxe4 29. Qd2 cxd4 30. Nxd4 Qa4 31. Rb5 Rad8 32. Nd5 Bxd5 33. Rxd5 Rxd5 34.
cxd5 Qxa5 35. Nb3 Qa3 36. Qd3 b6 37. d6 Rd8 38. d7 Qa4 39. Qd5 g6 40. Kh2 Kg7
41. Rd3 Qa8 42. Qd6 Qe4 43. Re3 Qa8 44. Rf3 Bc3 45. Qe7 Qd5 46. Qxd8 Be5+ 47.
Rg3 h5 48. Qe8 Bc7 49. f4 h4 50. Rf3 g5 51. d8=Q Bxd8 52. Qe5+ Qxe5 53. fxe5
Bc7 54. Rf5 f6 55. g4 hxg3+ 56. Kxg3 Bxe5+ 57. Kg4 Kg6 58. Nd2 Bd4 59. Rd5 Be5
60. Kf3 Kf5 1-0

[Event "Goldener Springer"]
[Site "Frankfurt/Main"]
[Date "2018.??.??"]
[Round "4.5"]
[White "Orwatsch, Gerhard"]
[Black "Henrich, David"]
[Result "1/2-1/2"]
[WhiteElo "2055"]
[BlackElo "2092"]
[PlyCount "66"]
[EventDate "2018.??.??"]
[WhiteTeam "SK Gießen"]
[BlackTeam "Frankfurter TV"]

1. d4 d6 2. Bf4 Nf6 3. e3 g6 4. h3 Bg7 5. Nf3 O-O 6. Bc4 b6 7. Qe2 Bb7 8. Nbd2
e6 9. c3 a6 10. a4 Re8 11. O-O Nbd7 12. Rfd1 h6 13. Bh2 Qe7 14. Nf1 e5 15. dxe5
Nxe5 16. Nxe5 dxe5 17. Qc2 Ne4 18. Bd5 Bxd5 19. Rxd5 c6 20. Rd3 Nc5 21. Rd2 Qe6
22. Rad1 Qa2 23. b3 Qa3 24. Rb1 Rad8 25. Rbd1 Rxd2 26. Nxd2 b5 27. axb5 axb5
28. b4 Na4 29. Nb3 e4 30. Ra1 Qb2 31. Qxb2 Nxb2 32. Ra6 Bxc3 33. Rxc6 Rd8
1/2-1/2

[Event "Goldener Springer"]
[Site "Frankfurt/Main"]
[Date "2018.??.??"]
[Round "4.6"]
[White "Koch, Markus"]
[Black "Maam, Tsendjav"]
[Result "1-0"]
[WhiteElo "2126"]
[BlackElo "1855"]
[PlyCount "63"]
[EventDate "2018.??.??"]
[WhiteTeam "SC Brett vorm Kopp"]

1. d4 g6 2. c4 Bg7 3. e4 d6 4. Nc3 c6 5. Be3 Nd7 6. Qd2 a6 7. c5 Ndf6 8. f3 b6
9. cxd6 exd6 10. Nge2 Ne7 11. Bh6 O-O 12. h4 b5 13. g4 b4 14. Nd1 a5 15. Nf2
Ne8 16. h5 f5 17. hxg6 hxg6 18. Bxg7 Nxg7 19. gxf5 gxf5 20. Qh6 fxe4 21. fxe4
Qe8 22. Qh7+ Kf7 23. Rg1 Rg8 24. O-O-O Kf8 25. Bh3 Qh5 26. Rxg7 Qxh7 27. Rxh7
Ba6 28. Nf4 Ra7 29. Ng4 Bc8 30. Nf6 Rg3 31. Bxc8 Nxc8 32. Ne6# 1-0

[Event "Goldener Springer"]
[Site "Frankfurt/Main"]
[Date "2018.??.??"]
[Round "4.7"]
[White "Sevall, Jacob"]
[Black "Kuban, Guenther"]
[Result "1-0"]
[WhiteElo "1979"]
[BlackElo "2109"]
[PlyCount "83"]
[EventDate "2018.??.??"]
[BlackTeam "SV Oberursel"]

1. d4 d5 2. c4 c6 3. Nc3 f5 4. Nf3 e6 5. e3 Nf6 6. Bd3 Bd6 7. h3 h5 8. Bd2 Ne4
9. Qe2 Nd7 10. O-O-O h4 11. Be1 Ndf6 12. Kb1 Qe7 13. Rc1 Bd7 14. Ne5 Nxc3+ 15.
Bxc3 Bxe5 16. dxe5 Ne4 17. Be1 Qg5 18. Qf3 O-O-O 19. Ka1 Be8 20. cxd5 exd5 21.
Rg1 g6 22. Qd1 Kb8 23. Qb3 f4 24. Ba5 Rc8 25. Bxe4 dxe4 26. Bb4 fxe3 27. fxe3
Rh5 28. Bd6+ Ka8 29. Qa4 c5 30. Rxc5 Qd8 31. Rxc8+ Qxc8 32. Qxe4 Rg5 33. Qb1
Bc6 34. e4 Qe6 35. Qf1 b6 36. Qf6 Rxg2 37. Rxg2 Qxh3 38. Qf1 Bxe4 39. Rg1 Qe6
40. Qe1 Bf5 41. Qxh4 Kb7 42. Qe7+ 1-0

[Event "Goldener Springer"]
[Site "Frankfurt/Main"]
[Date "2018.??.??"]
[Round "4.8"]
[White "Bennedik, Martin"]
[Black "Cherny, Andrey"]
[Result "0-1"]
[WhiteElo "2073"]
[BlackElo "2162"]
[PlyCount "96"]
[EventDate "2018.??.??"]
[WhiteTeam "SV Frankfurt Nord"]
[BlackTeam "Kasseler SK"]

1. e4 c6 2. d4 d5 3. Nc3 dxe4 4. Nxe4 Bf5 5. Ng3 Bg6 6. h4 h6 7. Nf3 Nd7 8. h5
Bh7 9. Bd3 Bxd3 10. Qxd3 Qb6 11. Bf4 Ngf6 12. O-O-O Nd5 13. Bd2 e6 14. c4 Qa6
15. Kb1 O-O-O 16. Qb3 N5b6 17. Rc1 Bd6 18. Ne4 Bc7 19. Bb4 Rhe8 20. Nd6+ Bxd6
21. Bxd6 Nf6 22. Bg3 Qa5 23. c5 Nbd5 24. Ne5 Ne4 25. Nc4 Nd2+ 26. Nxd2 Qxd2 27.
Rhd1 Qe2 28. Qa3 a6 29. Re1 Qxh5 30. Re5 Qg6+ 31. Ka1 f6 32. Ree1 Rd7 33. b4
Qg4 34. Qb2 e5 35. dxe5 Qxb4 36. Qxb4 Nxb4 37. e6 Rde7 38. Rc4 Nd5 39. Rce4 f5
40. R4e2 f4 41. Bh2 g5 42. g3 f3 43. Re4 Nf6 44. Rb4 g4 45. Reb1 h5 46. a4 Rd8
47. Re1 Rd2 48. Rf4 Re2 0-1

[Event "Goldener Springer"]
[Site "Frankfurt/Main"]
[Date "2018.??.??"]
[Round "4.9"]
[White "Varma, Christopher"]
[Black "Rutsatz, Mario"]
[Result "0-1"]
[WhiteElo "1809"]
[BlackElo "1993"]
[PlyCount "104"]
[EventDate "2018.??.??"]
[WhiteTeam "SC Bad Nauheim"]
[BlackTeam "SF Frankfurt"]

1. e4 e6 2. d4 d5 3. Nc3 Bb4 4. exd5 exd5 5. Bd3 Nc6 6. a3 Be7 7. Nge2 Bg4 8.
Be3 Qd7 9. O-O Nf6 10. Qd2 O-O-O 11. b4 Kb8 12. f3 Bf5 13. Ng3 Bxd3 14. Qxd3 g6
15. Bh6 Rhe8 16. Rfe1 Ng8 17. Bd2 Bf6 18. Nce2 h5 19. b5 Nce7 20. a4 h4 21. Nh1
Nf5 22. c3 Nge7 23. Nf2 Nc8 24. Nf4 Nb6 25. Ng4 Bg7 26. Ne3 Nxe3 27. Bxe3 Nc4
28. Bf2 Bf6 29. Qc2 g5 30. Nd3 Qf5 31. Nb4 Qxc2 32. Nxc2 Be7 33. Re2 Bd6 34.
Ne3 Re6 35. Rae1 Rde8 36. Kf1 Nb6 37. a5 Nc4 38. Nxc4 Rxe2 39. Rxe2 Rxe2 40.
Kxe2 dxc4 41. g3 h3 42. Ke3 f5 43. Bg1 a6 44. bxa6 bxa6 45. g4 Bf4+ 46. Ke2
fxg4 47. fxg4 Kb7 48. Kf3 Kc6 49. Ke4 Kb5 50. d5 Kxa5 51. Kf5 Kb5 52. Bd4 a5
0-1

[Event "Goldener Springer"]
[Site "Frankfurt/Main"]
[Date "2018.??.??"]
[Round "4.10"]
[White "Gries, Volker"]
[Black "Voellinger, Florian"]
[Result "1-0"]
[WhiteElo "2055"]
[BlackElo "1861"]
[PlyCount "113"]
[EventDate "2018.??.??"]
[WhiteTeam "SV Oberursel"]
[BlackTeam "SF Dettingen"]

1. e4 d5 2. exd5 Qxd5 3. Nc3 Qa5 4. d4 Nf6 5. Bc4 c6 6. Nf3 Bg4 7. h3 Bh5 8. g4
Bg6 9. Ne5 Nbd7 10. Nxg6 hxg6 11. Qf3 e6 12. Bd2 Bb4 13. O-O-O Nb6 14. Bb3 Nbd5
15. Nb1 Bxd2+ 16. Nxd2 Qc7 17. c4 Nb6 18. Kb1 O-O-O 19. c5 Nbd5 20. Nc4 g5 21.
Nd6+ Kb8 22. Bxd5 cxd5 23. Qe3 Ne8 24. Nxe8 Rhxe8 25. Qxg5 f6 26. Qe3 e5 27.
Rhe1 Qc6 28. h4 Qd7 29. Qg3 Qc7 30. Qc3 a6 31. b4 e4 32. Qe3 Qd7 33. Qg3+ Ka7
34. h5 Qb5 35. Qb3 Rh8 36. Rg1 Qe2 37. Qc2 Qb5 38. Qb3 Rd7 39. Rd2 f5 40. a4
Qc4 41. Qxc4 dxc4 42. d5 c3 43. Rd4 fxg4 44. Rxg4 Rxh5 45. d6 Rh2 46. Rdxe4
Rxf2 47. Re7 Rf7 48. Rxd7 Rxd7 49. Re4 g5 50. Re7 Rd8 51. Rg7 Kb8 52. Kc2 b6
53. Kxc3 a5 54. Rxg5 axb4+ 55. Kxb4 bxc5+ 56. Kxc5 Kb7 57. Rg7+ 1-0

[Event "Goldener Springer"]
[Site "Frankfurt/Main"]
[Date "2018.??.??"]
[Round "4.11"]
[White "Gutacker, Stephan"]
[Black "Romero Flores, Antonio Cesar Feli"]
[Result "0-1"]
[WhiteElo "1916"]
[BlackElo "1884"]
[PlyCount "74"]
[EventDate "2018.??.??"]
[WhiteTeam "Sfr. Kelkheim"]
[BlackTeam "VSG Offenbach"]

1. e4 c5 2. c3 d5 3. exd5 Qxd5 4. d4 Nf6 5. Nf3 e6 6. Be2 Be7 7. O-O O-O 8. h3
Nc6 9. Be3 cxd4 10. cxd4 Bd7 11. Nc3 Qd6 12. a3 Rac8 13. Qd2 Nd5 14. Nxd5 Qxd5
15. b4 Bf6 16. Rfc1 Rfd8 17. Rc5 Qd6 18. Rac1 Qf8 19. b5 Ne7 20. Ng5 Rxc5 21.
Rxc5 Nd5 22. a4 h6 23. Nf3 Be7 24. Rc7 Bb4 25. Qc1 Rc8 26. Rxc8 Qxc8 27. Qxc8+
Bxc8 28. Bd1 Kf8 29. Bd2 Bxd2 30. Nxd2 Nc3 31. Bf3 Nxa4 32. Nb3 Nc3 33. b6 axb6
34. Kf1 Ke7 35. Ke1 Kd6 36. Kd2 Nd5 37. Kd3 Bd7 0-1

[Event "Goldener Springer"]
[Site "Frankfurt/Main"]
[Date "2018.??.??"]
[Round "4.12"]
[White "Spiegelberg, Silvia"]
[Black "Hebauf, Markus"]
[Result "1-0"]
[WhiteElo "1892"]
[BlackElo "1329"]
[PlyCount "49"]
[EventDate "2018.??.??"]
[WhiteTeam "SF Sasbach"]

1. e4 e6 2. d4 b6 3. Nf3 Bb7 4. Bd3 c5 5. c3 Qc7 6. O-O d5 7. e5 Nc6 8. Be3
O-O-O 9. Na3 f6 10. Qa4 c4 11. Be2 Bxa3 12. Qxa3 Nge7 13. b3 fxe5 14. dxe5 Nf5
15. Bg5 Rde8 16. bxc4 dxc4 17. Bxc4 h6 18. Bd2 g5 19. Rac1 Qe7 20. Qb2 g4 21.
Nd4 Nxe5 22. Bxe6+ Kb8 23. Bxf5 Nc4 24. Bf4+ Ka8 25. Qb4 1-0

[Event "Goldener Springer"]
[Site "Frankfurt/Main"]
[Date "2018.??.??"]
[Round "4.13"]
[White "Weiland, Thomas"]
[Black "Reitz, Gerhard"]
[Result "0-1"]
[WhiteElo "1790"]
[BlackElo "1998"]
[PlyCount "128"]
[EventDate "2018.??.??"]
[WhiteTeam "SV Oberursel"]
[BlackTeam "SC Obertshausen"]

1. e4 c5 2. Nf3 e6 3. d4 cxd4 4. Nxd4 Nc6 5. c3 Nf6 6. Nxc6 bxc6 7. Bd3 e5 8.
O-O Be7 9. Re1 O-O 10. Bg5 d6 11. h3 Re8 12. Qc2 Nh5 13. Bxe7 Qxe7 14. Re3 Nf4
15. Bf1 a5 16. Nd2 h5 17. Kh2 h4 18. g3 Ng6 19. Nf3 Be6 20. b3 Rf8 21. Bd3 Qd7
22. Ng5 Qe7 23. Nxe6 fxe6 24. Rf1 Rf7 25. Rg1 Raf8 26. Rg2 Qg5 27. Re2 Rf3 28.
Qd2 Qf6 29. c4 Kf7 30. Bc2 Qd8 31. Re3 Rf6 32. Bd1 Rh8 33. Bg4 d5 34. cxd5 exd5
35. exd5 cxd5 36. Rc3 Qd6 37. Qc2 Ne7 38. Rc7 e4 39. Rd7 Qe5 40. Qc5 Rg6 41.
Be2 hxg3+ 42. Rxg3 Rxg3 43. fxg3 Rh6 44. Ra7 Rf6 45. Kg2 e3 46. Rxe7+ Qxe7 47.
Qxd5+ Qe6 48. Qh5+ g6 49. Qh7+ Kf8 50. Qh6+ Ke7 51. Qg5 Kd6 52. Bf3 Qe5 53. Qg4
Qb2+ 54. Kh1 Qb1+ 55. Kh2 Qxa2+ 56. Kh1 Qa1+ 57. Kh2 Qb2+ 58. Kh1 Qc1+ 59. Kh2
Qd2+ 60. Kh1 Qe1+ 61. Kh2 Qf2+ 62. Bg2 e2 63. Qe4 e1=Q 64. Qc6+ Ke7 0-1

[Event "Goldener Springer"]
[Site "Frankfurt/Main"]
[Date "2018.??.??"]
[Round "4.14"]
[White "Heun, Andreas"]
[Black "Lange, Martin"]
[Result "0-1"]
[WhiteElo "1707"]
[BlackElo "1826"]
[PlyCount "80"]
[EventDate "2018.??.??"]
[WhiteTeam "SC Ladja Roßdorf"]
[BlackTeam "Sfr. Kelkheim"]

1. e4 e6 2. d4 d5 3. e5 c5 4. c3 Nc6 5. Nf3 Qb6 6. Bd3 cxd4 7. cxd4 Nge7 8. Nc3
Bd7 9. Ne2 Nf5 10. Bxf5 exf5 11. O-O Be7 12. Re1 O-O 13. a3 Na5 14. b4 Nc4 15.
Nf4 Be6 16. Nd3 a5 17. Rb1 axb4 18. axb4 Ra2 19. Nc5 h6 20. Nd2 Na3 21. Rb3 Nc2
22. Rf1 Nxd4 23. Rg3 f4 24. Nxe6 fxe6 25. Rg6 Rf5 26. Qg4 Rg5 27. Rxg5 Bxg5 28.
h4 Be7 29. Qg6 Qd8 30. h5 Bxb4 31. Rd1 Qe7 32. Kf1 Qf7 33. Qg4 Bxd2 34. Bxd2
Nc6 35. Bxf4 Nxe5 36. Qg3 Qxh5 37. Kg1 Qxd1+ 38. Kh2 Qh5+ 39. Qh3 Qxh3+ 40.
Kxh3 Nd3 0-1

[Event "Goldener Springer"]
[Site "Frankfurt/Main"]
[Date "2018.??.??"]
[Round "4.15"]
[White "Lange, Lars"]
[Black "Pishanidar, Borzou"]
[Result "1-0"]
[WhiteElo "1835"]
[BlackElo "1860"]
[PlyCount "75"]
[EventDate "2018.??.??"]
[WhiteTeam "Sfr. Kelkheim"]
[BlackTeam "SV Andernach"]

1. d4 d5 2. c4 e6 3. Nc3 Nf6 4. Nf3 Be7 5. Bg5 O-O 6. e3 b6 7. cxd5 exd5 8. Bd3
Nbd7 9. O-O h6 10. Bh4 Bb7 11. Rc1 a6 12. Qe2 Re8 13. Rfd1 Ne4 14. Bxe7 Qxe7
15. Qc2 c5 16. b3 Rac8 17. dxc5 Rxc5 18. Qb2 Rec8 19. Ne2 Ndf6 20. Rxc5 bxc5
21. Nf4 c4 22. Bxe4 dxe4 23. Nd4 c3 24. Qc2 Qa3 25. Nf5 Rc7 26. Rc1 Nd7 27. h3
Ne5 28. Qd1 Qc5 29. Nd4 a5 30. Nfe2 Qb4 31. a3 Qxa3 32. Nb5 Qe7 33. Nxc7 Qxc7
34. Rxc3 Qe7 35. Qd4 Qg5 36. Ng3 h5 37. h4 Qxh4 38. Qxe5 1-0